000 00724nam a2200205Ii 4500
003 JO-AjNU
008 230605s9999||||xx |||||||||||||| ||und||
017 _a2008/5/1644
040 _aJO-AjNU
_bara
_erda
_cJO-AjNU
041 _aara
050 1 4 _aLB1060.B35 2008
100 3 _aتاليف بني عامر، محمد راشد,
_eauthor
_959545
245 0 0 _aشذرات تربوية
264 3 1 _aاربد: مؤسسة حمادة للدراست الجامعية والنشر والتوزيع، 2008
300 _a246ص
336 _atext
_btxt
_2rdacontent
337 _aunmediated
_bn
_2rdamedia
338 _avolume
_bnc
_2rdacarrier
650 4 _aالعلوم التربوية/التربية/ طرق التعلم
_959546
999 _aA26801
_c30369
_d30369